LEADER 01077nam0 22002651i 450 001 UON00064398 005 20231205102323.584 100 $a20020107d1943 |0itac50 ba 101 $aara 102 $aEG 105 $a|||| 1|||| 200 1 $aˆal-‰Hasan Ibn al-Haytam, buhutuhu wa kusufuhu al-basariyya$fMustafa Nazif Bey 205 $aal-Qahira : Gami'at Fu'ad al-Awwal$bkulliyyat al-Handasa 210 $av.$a24 cm 215 $aPoss. il v. 2 620 $aEG$dIl Cairo$3UONL000377 686 $aARA XVIII B$cPAESI ARABI - SCIENZE PURE E APPLICATE - FISICO-MATEMATICHE$2A 700 1$aNAZIF BEY$bMustafa$3UONV041270$0656669 712 $aGami'at Fu'ad al-Awwal$3UONV257318$4650 801 $aIT$bSOL$c20240220$gRICA 899 $aSIBA - SISTEMA BIBLIOTECARIO DI ATENEO$2UONSI 912 $aUON00064398 950 $aSIBA - SISTEMA BIBLIOTECARIO DI ATENEO$dSI ARA XVIII B 002 $eSI SA 27438 5 002 996 $aHasan Ibn al-Haytam, buhutuhu wa kusufuhu al-basariyya$91171177 997 $aUNIOR